00442pab a2200157 454500008004000000100002200040245004400062260000900106300001200115362001000127650004200137650001400179650004800193650002800241773001500269180718b1996 xxu||||| |||| 00| 0 eng d aWaslekar, Sundeep aChanging Western perceptions of Kashmir c1996 ap.15-16 a5 Oct aElections - India - Jammu and Kashmir aElections aJammu and Kashmir - Politics and government aPolitics and government aMainstream